LEADER 02068nam0-2200541---450- 001 990000050870203316 005 20090310183014.0 035 $a0005087 035 $aUSA010005087 035 $a(ALEPH)000005087USA01 035 $a0005087 100 $a20000914h----1999|||a0itay0103----ba 101 0 $aita 102 $aIT 105 $a||||||||001yy 200 1 $aDocumento di programmazione economico-finanziaria$eper gli anni 2000-2003$fpresentato dal Presidente del Consiglio dei Ministri Massimo D'Alema, dal Ministro del tesoro, del bilancio e della programmazione economica Giuliano Amato, dal Ministro delle Finanze Vincenzo Visco 210 $aRoma$cIstituto Poligrafico e Zecca dello Stato$h1999 300 $aIn cop. : Ministero del tesoro, del bilancio e della programmazione economica. 300 $aTit. del fasc.: sintesi e linee guida di politica economica 606 0 $aItalia$xProgrammazione economica 676 $a338. 945 702 1$aAMATO,$bGiuliano 702 1$aD'ALEMA,$bMassimo 702 1$aVISCO,$bVincenzo 710 01$aItalia.$bPresidenza del Consiglio dei Ministri$0254944 801 $aIT$bSALBC$gISBD 912 $a990000050870203316 951 $a338.945 DOC 1/3.2(ISE II 361/I)$b22664 G.$cISE II$d00194430 951 $a338.945 DOC 1/3.1(ISE II 361/I)$b22666 G$cISE II$d00201614 959 $aBK 969 $aECO 979 $c20000914$lUSA01$h1723 979 $c20001019$lUSA01$h1054 979 $c20001019$lUSA01$h1452 979 $c20001019$lUSA01$h1459 979 $c20001019$lUSA01$h1537 979 $c20001024$lUSA01$h1513 979 $c20001027$lUSA01$h1518 979 $c20001027$lUSA01$h1522 979 $c20001110$lUSA01$h1709 979 $c20001124$lUSA01$h1206 979 $aPATTY$b90$c20010716$lUSA01$h1125 979 $c20020403$lUSA01$h1612 979 $aCHIARA$b90$c20020528$lUSA01$h1211 979 $aPATRY$b90$c20040406$lUSA01$h1605 979 $aRSIAV1$b90$c20090310$lUSA01$h1830 996 $aDocumento di programmazione economico-finanziaria$91488095 997 $aUNISA LEADER 04781nam 2200685 a 450 001 9910780058003321 005 20230907215007.0 010 $a1-282-75315-0 010 $a9786612753152 010 $a1-4008-2214-9 010 $a1-4008-1243-7 024 7 $a10.1515/9781400822140 035 $a(CKB)111056486501392 035 $a(EBL)617293 035 $a(SSID)ssj0000250468 035 $a(PQKBManifestationID)11200700 035 $a(PQKBTitleCode)TC0000250468 035 $a(PQKBWorkID)10249901 035 $a(PQKB)11351314 035 $a(OCoLC)51493835 035 $a(MdBmJHUP)muse36014 035 $a(DE-B1597)446100 035 $a(OCoLC)979749077 035 $a(DE-B1597)9781400822140 035 $a(Au-PeEL)EBL617293 035 $a(CaPaEBR)ebr10035894 035 $a(CaONFJC)MIL275315 035 $a(OCoLC)705527018 035 $a(MiAaPQ)EBC617293 035 $a(PPN)170247171 035 $a(EXLCZ)99111056486501392 100 $a19960408d1997 uy 0 101 0 $aeng 135 $aurcn||||||||| 181 $ctxt 182 $cc 183 $acr 200 10$aStalinist science$b[electronic resource] /$fNikolai Krementsov 205 $aCourse Book 210 $aPrinceton, NJ $cPrinceton University Press$dc1997 215 $a1 online resource (390 p.) 300 $aDescription based upon print version of record. 311 $a0-691-02877-X 320 $aIncludes bibliographical references (p. [307]-358) and indexes. 327 $tFront matter --$tCONTENTS --$tLIST OF FIGURES AND TABLES --$tPREFACE --$tLIST OF ABBREVIATIONS --$tINTRODUCTION --$tPART I: THE MAKING OF STALINIST SCIENCE --$tIntroduction --$tCHAPTER 1. Russian Science in Transition, 1890-1929 --$tCHAPTER 2. The Stalinization of Russian Science, 1929-1939 --$tCHAPTER 3. Stalinist Science in Action: The Case of Genetics --$tKEY EVENTS, 1917-1939 --$tPART II: STALINIST SCIENCE IN THE 1940's --$tIntroduction --$tCHAPTER 4. World War II and the Sweet Fruits of Victory --$tCHAPTER 5. On the Threshold of the Cold War, 1946-1947 --$tCHAPTER 6. The Fateful Year: 1948 --$tKEY EVENTS, 1941-1953 --$tPART III: THE CONSOLIDATION OF STALINIST SCIENCE --$tIntroduction --$tCHAPTER 7. Talking the Talk: Ritual and Rhetoric --$tCHAPTER 8. Walking the Walk: Education versus Research --$tCHAPTER 9. The Realities of Stalinist Science: Careerism and Institutional Rivalry --$tCONCLUSION --$tAPPENDIX A: Stalinist Scientific "Newspeak": A Glossary --$tAPPENDIX B: Key Figures --$tNOTES --$tNAME INDEX --$tSUBJECT INDEX 330 $aSome scholars have viewed the Soviet state and science as two monolithic entities--with bureaucrats as oppressors, and scientists as defenders of intellectual autonomy. Based on previously unknown documents from the archives of state and Communist Party agencies and of numerous scientific institutions, Stalinist Science shows that this picture is oversimplified. Even the reinstated Science Department within the Central Committee was staffed by a leading geneticist and others sympathetic to conventional science. In fact, a symbiosis of state bureaucrats and scientists established a much more terrifying system of control over the scientific community than any critic of Soviet totalitarianism had feared. Some scientists, on the other hand, developed more elaborate devices to avoid and exploit this control system than any advocate of academic freedom could have reasonably hoped. Nikolai Krementsov argues that the model of Stalinist science, already taking hold during the thirties, was reversed by the need for inter-Allied cooperation during World War II. Science, as a tool for winning the war and as a diplomatic and propaganda instrument, began to enjoy higher status, better funding, and relative autonomy. Even the reinstated Science Department within the Central Committee was staffed by a leading geneticist and others sympathetic to conventional science. However, the onset of the Cold War led to a campaign for eliminating such servility to the West. Then the Western links that had benefited genetics and other sciences during the war and through 1946 became a liability, and were used by Lysenko and others to turn back to the repressive past and to delegitimate whole research directions. 606 $aScience$zSoviet Union$xHistory$y20th century 606 $aCommunism$zSoviet Union$xHistory$y20th century 607 $aSoviet Union$xPolitics and government$y1936-1953 615 0$aScience$xHistory 615 0$aCommunism$xHistory 676 $a306.4/5/090470904 700 $aKrement?sov$b N. L$0996831 801 0$bMiAaPQ 801 1$bMiAaPQ 801 2$bMiAaPQ 906 $aBOOK 912 $a9910780058003321 996 $aStalinist science$93674534 997 $aUNINA